British Standards: Specification for testing machines for rubbers and plastics. Part 1. Tensile, flexural and compression machines (Record no. 73113)

MARC details
000 -LEADER
fixed length control field 00579nam a2200169Ia 4500
245 #0 - TITLE STATEMENT
Title British Standards: Specification for testing machines for rubbers and plastics. Part 1. Tensile, flexural and compression machines
260 ## - PUBLICATION, DISTRIBUTION, ETC. (IMPRINT)
Place of publication London
260 ## - PUBLICATION, DISTRIBUTION, ETC. (IMPRINT)
Year of publication 1975
Name of publisher British Standards Institution
490 ## - SERIES STATEMENT
Series statement British Standards
500 ## - GENERAL NOTE
General note Standard number: BS 5214: Part 1
650 ## - SUBJECT ADDED ENTRY--TOPICAL TERM
Topical Term Compression machine
650 ## - SUBJECT ADDED ENTRY--TOPICAL TERM
Topical Term Plastic testing machine
650 ## - SUBJECT ADDED ENTRY--TOPICAL TERM
Topical Term Rubber testing machine
650 ## - SUBJECT ADDED ENTRY--TOPICAL TERM
Topical Term Tensile machine
942 ## - ADDED ENTRY ELEMENTS (KOHA)
Koha item type Standards
Holdings
Withdrawn status Lost status Damaged status Not for loan Home library Current library Date acquired Koha item type
      Standards RRII Library RRII Library 31/12/2021 Standards